Mouse Models of Developmental Genetic Disease : (Record no. 598527)

MARC details
000 -LEADER
fixed length control field 00475nam a2200181 a 4500
008 - FIXED-LENGTH DATA ELEMENTS--GENERAL INFORMATION
fixed length control field 251124s2008##################000#0#eng##
020 ## - INTERNATIONAL STANDARD BOOK NUMBER
ISBN 9780123744548
082 04 - DEWEY DECIMAL CLASSIFICATION NUMBER
Classification number 616.027333
Item number KRA
245 10 - TITLE STATEMENT
Title Mouse Models of Developmental Genetic Disease :
260 ## - PUBLICATION, DISTRIBUTION, ETC. (IMPRINT)
Name of publisher Academic Press,
Year of publication 2008.
300 ## - PHYSICAL DESCRIPTION
Number of Pages 512 pages
650 #0 - SUBJECT ADDED ENTRY--TOPICAL TERM
Topical Term Science.
942 ## - ADDED ENTRY ELEMENTS (KOHA)
Koha item type English Books
Holdings
Withdrawn status Lost status Damaged status Not for loan Home library Current library Shelving location Date acquired Full call number Accession Number Price effective from Koha item type
        Anna Centenary Library Anna Centenary Library 5TH FLOOR, B WING 24.11.2025 616.027333 KRA 340477 24.11.2025 English Books

Find us on the map